00298nam a2200109Ia 4500008004100000020001500041100002500056245003200081250001100113260004500124300001900169180205s9999 xx 000 0 und d a9715740677 aVillanueva, Perla M. aWriting skill for college / a2nd ed aMandaluyong CitybKatha publishingc2003 aiii, 217 pages